02052cam a22003614i 4500003000900000005001700009008004100026020001500067020001800082035002000100040003300120082001800153245015900171264002800330300004400358336002100402337002500423338002300448490006200471504003900533504003300572505091400605526000901519526000901528526000801537526000801545526000801553526000801561650003501569650002201604650003201626700003201658PE-LiUPU20250731175627.0190311s2018 gw rb 001 0 eng d a9004380841 a9789004380844 a(Sirsi) a251930 aPE-LiUPUbspacPE-LiUPUerda04a492.4bB522300aBiblical Hebrew in context :bessays in Semitics and Old Testament texts in honour of Professor Jan P. Lettinga /ceditor Koert van Bekkum, [y otros dos]. 1aLeiden :bBrill,c2018. axiv, 199 páginas ;c31 centímetros. atext2rdacontent aunmediated2rdamedia avolume2rdacarrier0 aOudtestamentische StudiënaOld Testament studies ; v74 aBibliografía: páginas 177-179. aÍndice: páginas 180-199.0 aLeiden Semitist in Kampen: Honouring Professor Jan P. Lettinga -- Hebrew pelilim and Old Assyrian palalum -- Keilalphabetische Briefe aus Ugarit Deutsche Ubertragung von KTU3 -- Remarks on the Verbal Rection in Biblical Aramaic -- A Dutch Grammar of Biblical Hebrew: J.P. Lettinga's Grammatica van het Bijbels Hebreeuws and Its Revisions -- A Paradigm Shift: Reflections on Teaching Hebrew in the Theology Curriculum -- The 'Language of Canaan': Ancient Israel's History and the Origins of Hebrew -- Forgiveness of Sin for the Price of a New-born's Life? 2 Samuel 12:13-15 Reconsidered -- Stilling or Stirring up the Sea? The Translation of Isaiah 51:15 -- But Fear not, O Jacob my Servant!' Place and Function of the Salvation Oracle Jeremiah 46:27-28 MT -- Hosea 4:16-19: A Century of Work on an Obscure Text -- Living Linguistic Legacy. The 'Sons of God' in the Non-Biblical Texts in the Dead Sea Scrolls. aP145 aP127 aP97 aP35 aP14 aP0704aBibbiapA.T.xInterpretazione.04aLingue semitiche.04aLingua ebraicaxGrammatica.1 aBekkum, Koert van,eeditor.